[Event "Brighton e2e4 Major"]
[Site "Brighton"]
[Date "2013.02.20"]
[Round "8"]
[White "Brown, Terry"]
[Black "O'Grady, Jim"]
[Result "1-0"]
[WhiteElo "1496"]
[BlackElo "1518"]
[PlyCount "93"]
[EventDate "2013.02.16"]
[EventType "swiss"]
[EventRounds "9"]
[EventCountry "ENG"]
[SourceTitle "EXT 2014"]
[Source "ChessBase"]
[SourceDate "2013.11.20"]
[SourceVersion "1"]
[SourceVersionDate "2013.11.20"]
[SourceQuality "1"]

1. e4 c5 2. Nc3 d6 3. f4 e6 4. Nf3 Be7 5. Bb5+ Bd7 6. Bc4 Nc6 7. 0-0 Na5 8. b3 Nxc4 9. bxc4 Bc6 10. Qe1 f6 11. Qg3 Bf8 12. d3 Nh6 13. Bd2 Qe7 14. d4 cxd4 15. Nxd4 e5 16. fxe5 dxe5 17. Nxc6 bxc6 18. Qd3 Nf7 19. a3 Qc5+ 20. Be3 Qa5 21. Nb1 Bc5 22. Kh1 Rd8 23. Qe2 0-0 24. Qf2 Bxe3 25. Qxe3 Qb6 26. c5 Qb2 27. Nd2 Qxc2 28. Rfd1 Rd3 29. Qe1 Rfd8 30. Rac1 Qa4 31. h3 R8d4 32. Kh2 Ng5 33. Rb1 Rd8 34. Nb3 Rxd1 35. Rxd1 Rd4 36. Nxd4 exd4 37. Rd3 Qc2 38. Qg3 Nxe4 39. Qf3 Nxc5 40. Rxd4 Qb2 41. Rd8+ Kf7 42. Qxc6 Qe5+ 43. g3 Qb2+ 44. Qg2 Qxa3 45. Rd2 Ne6 46. Ra2 Qd6 47. Rxa7+ 1-0

[Event "Brighton e2e4 Major"]
[Site "Brighton"]
[Date "2013.02.20"]
[Round "9"]
[White "O'Grady, Jim"]
[Black "Nayak, Raghav"]
[Result "0-1"]
[WhiteElo "1518"]
[BlackElo "1582"]
[PlyCount "34"]
[EventDate "2013.02.16"]
[EventType "swiss"]
[EventRounds "9"]
[EventCountry "ENG"]
[SourceTitle "EXT 2014"]
[Source "ChessBase"]
[SourceDate "2013.11.20"]
[SourceVersion "1"]
[SourceVersionDate "2013.11.20"]
[SourceQuality "1"]

1. e4 e5 2. Nf3 Nc6 3. Bb5 a6 4. Ba4 Nf6 5. 0-0 Be7 6. Re1 b5 7. Bb3 0-0 8. c3 d5 9. exd5 Nxd5 10. Nxe5 Nxe5 11. Rxe5 Nf6 12. Qf3 Bg4 13. Qc6 Bd7 14. Qf3 Bd6 15. Re1 Ng4 16. g3 Ne5 17. Qd5 Bc6 0-1

[Event "Brighton e2e4 Major"]
[Site "Brighton"]
[Date "2013.02.19"]
[Round "7"]
[White "Davidson, Laura"]
[Black "O'Grady, Jim"]
[Result "1/2-1/2"]
[WhiteElo "1422"]
[BlackElo "1518"]
[PlyCount "29"]
[EventDate "2013.02.16"]
[EventType "swiss"]
[EventRounds "9"]
[EventCountry "ENG"]
[SourceTitle "EXT 2014"]
[Source "ChessBase"]
[SourceDate "2013.11.20"]
[SourceVersion "1"]
[SourceVersionDate "2013.11.20"]
[SourceQuality "1"]

1. e4 e5 2. Nf3 Nf6 3. Nxe5 d6 4. Nf3 Nxe4 5. Qe2 Qe7 6. d3 Nf6 7. Nc3 Qxe2+ 8. Bxe2 Be7 9. Bg5 h6 10. Bxf6 Bxf6 11. Nd5 Bd8 12. 0-0 c6 13. Nc3 0-0 14. d4 Bg4 15. Rfe1 1/2-1/2

[Event "Brighton e2e4 Major"]
[Site "Brighton"]
[Date "2013.02.19"]
[Round "6"]
[White "O'Grady, Jim"]
[Black "Welch, Hazel"]
[Result "1/2-1/2"]
[WhiteElo "1518"]
[BlackElo "1462"]
[PlyCount "81"]
[EventDate "2013.02.16"]
[EventType "swiss"]
[EventRounds "9"]
[EventCountry "ENG"]
[SourceTitle "EXT 2014"]
[Source "ChessBase"]
[SourceDate "2013.11.20"]
[SourceVersion "1"]
[SourceVersionDate "2013.11.20"]
[SourceQuality "1"]

1. e4 c5 2. Nf3 d6 3. d4 cxd4 4. Nxd4 Nf6 5. Nc3 g6 6. Be3 Bg7 7. f3 0-0 8. Qd2 Bd7 9. Bh6 Nc6 10. Bxg7 Kxg7 11. Nxc6 Bxc6 12. Rd1 Kg8 13. Be2 a6 14. b3 b5 15. b4 Qb6 16. Qd4 Qc7 17. 0-0 Rac8 18. Bd3 Rfd8 19. Nd5 Nxd5 20. exd5 Be8 21. h4 Qc3 22. Qxc3 Rxc3 23. Rfe1 Rc7 24. Re2 f6 25. Rde1 Kf8 26. f4 Bf7 27. Be4 f5 28. Bf3 Rdd7 29. g3 Rc4 30. a3 Rd4 31. c3 Rd3 32. Re3 Rd2 33. R3e2 Rxe2 34. Rxe2 Rc7 35. Re3 Kg7 36. Kf2 h6 37. Ke2 Kf6 38. Kd2 e6 39. dxe6 Bxe6 40. Rd3 Rd7 41. Bd5 1/2-1/2

[Event "Brighton e2e4 Major"]
[Site "Brighton"]
[Date "2013.02.17"]
[Round "3"]
[White "O'Grady, Jim"]
[Black "Brent, Derek"]
[Result "1/2-1/2"]
[WhiteElo "1518"]
[BlackElo "1406"]
[PlyCount "55"]
[EventDate "2013.02.16"]
[EventType "swiss"]
[EventRounds "9"]
[EventCountry "ENG"]
[SourceTitle "EXT 2014"]
[Source "ChessBase"]
[SourceDate "2013.11.20"]
[SourceVersion "1"]
[SourceVersionDate "2013.11.20"]
[SourceQuality "1"]

1. e4 g6 2. d4 Bg7 3. Nf3 d6 4. Nc3 Nf6 5. Bd3 a6 6. 0-0 0-0 7. e5 dxe5 8. dxe5 Ng4 9. Re1 Nc6 10. Bf4 Nh6 11. Qc1 Nf5 12. Bxf5 Bxf5 13. Rd1 Qe8 14. Nd5 Qc8 15. Nd4 Re8 16. Nxf5 gxf5 17. e6 Nd4 18. exf7+ Kxf7 19. Rxd4 Bxd4 20. Nxc7 Rg8 21. Nxa8 Qxa8 22. c3 b5 23. Bg3 Be5 24. Qf1 f4 25. Bh4 Rg4 26. g3 Bc7 27. Qg2 f3 28. Qf1 1/2-1/2

[Event "WLS-ch Major"]
[Site "Cardiff"]
[Date "2004.04.12"]
[Round "7"]
[White "Hughes, Beryl"]
[Black "O'Grady, Jim"]
[Result "1/2-1/2"]
[WhiteElo "1601"]
[BlackElo "1663"]
[PlyCount "132"]
[EventDate "2004.04.09"]
[EventType "swiss"]
[EventRounds "7"]
[EventCountry "WLS"]
[SourceTitle "EXT 2006"]
[Source "ChessBase"]
[SourceDate "2005.11.24"]
[SourceVersion "1"]
[SourceVersionDate "2005.11.24"]
[SourceQuality "1"]

1. e4 e5 2. Nf3 Nc6 3. d4 exd4 4. Bc4 d6 5. Nxd4 Nf6 6. Nxc6 bxc6 7. Nc3 Be7 8. 0-0 0-0 9. h3 Be6 10. Qe2 Bxc4 11. Qxc4 d5 12. Qxc6 dxe4 13. Nxe4 Nxe4 14. Qxe4 Bc5 15. Qg4 Qf6 16. c3 Rab8 17. Bg5 Qg6 18. b4 Bd6 19. Rfe1 h6 20. Bd2 Qxg4 21. hxg4 Rfd8 22. Rad1 f6 23. a4 Be5 24. Be3 Bxc3 25. Bxa7 Bxe1 26. Rxe1 Rxb4 27. a5 Ra8 28. Be3 Rxg4 29. Ra1 Ra6 30. Bd2 Rc4 31. Kf1 Re4 32. Rc1 c6 33. Rb1 Kf7 34. Rb6 Rxb6 35. axb6 Re7 36. Be3 Ke6 37. Ke2 Rd7 38. Bf4 Rb7 39. Be3 Kd5 40. Kd3 c5 41. Bf4 Rxb6 42. Bc7 c4+ 43. Kc3 Rb3+ 44. Kc2 Rb7 45. Bf4 Re7 46. Kd2 Re4 47. Bb8 Rg4 48. g3 Ke4 49. Ke2 c3 50. f3+ Kf5 51. fxg4+ Kxg4 52. Kd3 h5 53. Kxc3 h4 54. gxh4 Kxh4 55. Kd3 g5 56. Ke4 Kg4 57. Ke3 f5 58. Be5 f4+ 59. Kf2 Kf5 60. Bc7 g4 61. Bb6 Ke4 62. Ba7 Kf5 63. Bb6 Kg5 64. Bd8+ Kh5 65. Bc7 g3+ 66. Kf3 Kh4 1/2-1/2